|
|
|
|
| LEADER |
02718nam a22004935i 4500 |
| 001 |
978-3-540-78808-9 |
| 003 |
DE-He213 |
| 005 |
20151204190450.0 |
| 007 |
cr nn 008mamaa |
| 008 |
100301s2008 gw | s |||| 0|eng d |
| 020 |
|
|
|a 9783540788089
|9 978-3-540-78808-9
|
| 024 |
7 |
|
|a 10.1007/978-3-540-78808-9
|2 doi
|
| 040 |
|
|
|d GrThAP
|
| 050 |
|
4 |
|a QA76.9.D343
|
| 072 |
|
7 |
|a UNF
|2 bicssc
|
| 072 |
|
7 |
|a UYQE
|2 bicssc
|
| 072 |
|
7 |
|a COM021030
|2 bisacsh
|
| 082 |
0 |
4 |
|a 006.312
|2 23
|
| 245 |
1 |
0 |
|a Algorithms and Models for the Web-Graph
|h [electronic resource] :
|b Fourth International Workshop, WAW 2006, Banff, Canada, November 30 - December 1, 2006. Revised Papers /
|c edited by William Aiello, Andrei Broder, Jeannette Janssen, Evangelos Milios.
|
| 264 |
|
1 |
|a Berlin, Heidelberg :
|b Springer Berlin Heidelberg,
|c 2008.
|
| 300 |
|
|
|a X, 167 p.
|b online resource.
|
| 336 |
|
|
|a text
|b txt
|2 rdacontent
|
| 337 |
|
|
|a computer
|b c
|2 rdamedia
|
| 338 |
|
|
|a online resource
|b cr
|2 rdacarrier
|
| 347 |
|
|
|a text file
|b PDF
|2 rda
|
| 490 |
1 |
|
|a Lecture Notes in Computer Science,
|x 0302-9743 ;
|v 4936
|
| 505 |
0 |
|
|a Modelling and Mining of Networked Information Spaces -- Workshop on Algorithms and Models for the Web Graph -- Expansion and Lack Thereof in Randomly Perturbed Graphs -- Web Structure in 2005 -- Local/Global Phenomena in Geometrically Generated Graphs -- Approximating PageRank from In-Degree -- Probabilistic Relation between In-Degree and PageRank -- Communities in Large Networks: Identification and Ranking -- Combating Spamdexing: Incorporating Heuristics in Link-Based Ranking -- Traps and Pitfalls of Topic-Biased PageRank -- A Scalable Multilevel Algorithm for Graph Clustering and Community Structure Detection -- A Phrase Recommendation Algorithm Based on Query Stream Mining in Web Search Engines -- Characterization of Graphs Using Degree Cores -- Web Structure Mining by Isolated Stars -- Representing and Quantifying Rank - Change for the Web Graph.
|
| 650 |
|
0 |
|a Computer science.
|
| 650 |
|
0 |
|a Data mining.
|
| 650 |
1 |
4 |
|a Computer Science.
|
| 650 |
2 |
4 |
|a Data Mining and Knowledge Discovery.
|
| 650 |
2 |
4 |
|a Information Systems Applications (incl. Internet).
|
| 700 |
1 |
|
|a Aiello, William.
|e editor.
|
| 700 |
1 |
|
|a Broder, Andrei.
|e editor.
|
| 700 |
1 |
|
|a Janssen, Jeannette.
|e editor.
|
| 700 |
1 |
|
|a Milios, Evangelos.
|e editor.
|
| 710 |
2 |
|
|a SpringerLink (Online service)
|
| 773 |
0 |
|
|t Springer eBooks
|
| 776 |
0 |
8 |
|i Printed edition:
|z 9783540788072
|
| 830 |
|
0 |
|a Lecture Notes in Computer Science,
|x 0302-9743 ;
|v 4936
|
| 856 |
4 |
0 |
|u http://dx.doi.org/10.1007/978-3-540-78808-9
|z Full Text via HEAL-Link
|
| 912 |
|
|
|a ZDB-2-SCS
|
| 912 |
|
|
|a ZDB-2-LNC
|
| 950 |
|
|
|a Computer Science (Springer-11645)
|